[Event "BAN-ch U20"]
[Site "Dhaka"]
[Date "2022.02.21"]
[Round "7"]
[White "Tahmidul, Haque"]
[Black "Kazi Afsan Rawnak, Anan"]
[Result "1-0"]
[WhiteElo "1756"]
[BlackElo "1524"]
[PlyCount "93"]
[EventDate "2022.02.15"]
[EventType "swiss"]
[EventRounds "9"]
[EventCountry "BAN"]
[SourceTitle "CBM 207 Extra"]
[Source "ChessBase"]
[SourceDate "2022.05.31"]
[SourceVersion "1"]
[SourceVersionDate "2022.05.31"]
[SourceQuality "1"]

1. e4 c5 2. Nf3 d6 3. d4 cxd4 4. Nxd4 Nf6 5. Nc3 a6 6. Bg5 e6 7. f4 h6 8. Bxf6 Qxf6 9. Qd2 Nd7 10. 0-0-0 Be7 11. Bc4 b5 12. Bb3 Bb7 13. Rhe1 Nc5 14. Kb1 Rd8 15. a3 g6 16. Qe3 e5 17. fxe5 Qxe5 18. Nf3 Qh5 19. Ba2 0-0 20. h3 g5 21. Nd4 Bf6 22. Nf5 Kh7 23. Rxd6 Rxd6 24. Nxd6 Bxc3 25. Qxc3 Nxe4 26. Qd3 Rd8 27. Bxf7 Qh4 28. Rxe4 Bxe4 29. Qxe4+ Qxe4 30. Nxe4 Kg7 31. Bh5 Rd5 32. b4 Rd4 33. Nc5 Rd6 34. Kb2 Rc6 35. Bf3 Rb6 36. Kb3 Kg6 37. a4 Kf5 38. a5 Rd6 39. Bb7 Kf4 40. Bxa6 Rxa6 41. Nxa6 Kg3 42. Nc7 Kxg2 43. a6 Kxh3 44. a7 g4 45. a8Q Kh2 46. Ne6 g3 47. Nf4 1-0

[Event "Asian Academies Hybrid Chess-ch"]
[Site "Tornelo INT"]
[Date "2021.11.27"]
[Round "7.2"]
[White "Kazi Afsan Rawnak, Anan"]
[Black "Husam, Al Dain Abdulhakim"]
[Result "1-0"]
[WhiteElo "1410"]
[BlackElo "1342"]
[PlyCount "57"]
[EventDate "2021.11.21"]
[EventType "team-tourn"]
[EventRounds "7"]
[EventCountry "NET"]
[SourceTitle "EXT 2023"]
[Source "ChessBase"]
[SourceDate "2022.10.05"]
[SourceVersion "1"]
[SourceVersionDate "2022.10.05"]
[SourceQuality "1"]
[WhiteTeam "Basir Memorial CA"]
[BlackTeam "Aden"]
[WhiteTeamCountry "BAN"]
[BlackTeamCountry "YEM"]

1. e4 d5 2. exd5 Qxd5 3. Nc3 Qa5 4. d4 c6 5. Bd2 Qc7 6. Bd3 Nf6 7. Nf3 Bg4 8. h3 Bh5 9. Qe2 e6 10. g4 Bg6 11. Ne5 Bxd3 12. Qxd3 Nbd7 13. f4 Bd6 14. Ne4 Nxe4 15. Qxe4 Nf6 16. Qd3 0-0-0 17. 0-0-0 Nd5 18. c4 Nb4 19. Qb3 Na6 20. Be3 Rhe8 21. c5 Bxe5 22. fxe5 Qe7 23. g5 Nc7 24. Rhf1 Rf8 25. Rd2 Nd5 26. Rdf2 Qe8 27. h4 Ne7 28. Rxf7 Ng6 29. Qxb7# 1-0

[Event "Asian Academies Hybrid Chess-ch"]
[Site "Tornelo INT"]
[Date "2021.11.21"]
[Round "1.2"]
[White "Manon, Reja Neer"]
[Black "Kazi Afsan Rawnak, Anan"]
[Result "1-0"]
[WhiteElo "2048"]
[BlackElo "1410"]
[PlyCount "65"]
[EventDate "2021.11.21"]
[EventType "team-tourn"]
[EventRounds "7"]
[EventCountry "NET"]
[SourceTitle "EXT 2023"]
[Source "ChessBase"]
[SourceDate "2022.10.05"]
[SourceVersion "1"]
[SourceVersionDate "2022.10.05"]
[SourceQuality "1"]
[WhiteTeam "Elegant Int CA"]
[BlackTeam "Basir Memorial CA"]
[WhiteTeamCountry "BAN"]
[BlackTeamCountry "BAN"]

1. e4 c5 2. Nc3 d6 3. g3 Nf6 4. Bg2 g6 5. Nge2 Bg7 6. 0-0 0-0 7. d4 cxd4 8. Nxd4 a6 9. h3 e5 10. Nb3 Nc6 11. Be3 Be6 12. Qd2 Ne8 13. f4 f5 14. Rad1 Qe7 15. exf5 Bxf5 16. Nd5 Qd8 17. fxe5 Nxe5 18. Bg5 Qb8 19. Nd4 Bd7 20. Nb6 Ra7 21. Bd5+ Kh8 22. Rxf8+ Bxf8 23. Nxd7 Nxd7 24. Ne6 Bg7 25. Rf1 Nc5 26. Nxg7 Nxg7 27. Be7 Nd7 28. Qd4 Ra8 29. Rf7 Ne5 30. Bf6 Nxf7 31. Bxg7+ Kg8 32. Qf6 Qe8 33. Be6 1-0